000 00421pab a2200157 454500
008 180718b2003 xxu||||| |||| 00| 0 eng d
100 _aSingh, Yogendra
245 _aSocial sciences and social revolution in India
260 _c2003
300 _ap.19-20;14(9), 9 Oct 2003: p.11-14.
362 _a27 Sep
650 _aSocial Sciences - India
650 _aSocial Sciences
773 _aYoung Indian
909 _a58256
999 _c58256
_d58256